Southern Indian States - Statistics

General Stats
  • This quiz has been taken 104 times
  • The average score is 5 of 6
Answer Stats
Hint Answer % Correct
State Tamil Nadu
97%
State Kerala
96%
State Karnataka
86%
State Andhra Pradesh
83%
State Telangana
79%
State Goa
58%
No matching quizzes found
Score Distribution
Percent of People with Each Score
Percentile by Number Answered
Your Score History
You have not taken this quiz